000 00552nam a2200205Ia 4500
005 20250923144739.0
008 008 250917s9999 xx 000 0 eng d
037 _aTextual
040 _aDSWL
_beng
_cDSWL
041 _aeng
_2eng
084 _qDSWL
100 _aGibbens, T.C.N.
_9827991
245 0 _aTrends in juvenile delinquency series no 5
_cby T.C.N. Gibbens
260 _aGeneva
_bWorld Health Organization
_c1961
300 _a56p.
365 _aINR
_b3
925 _g3
942 _cTEXL
999 _c1442818
_d1442818